[Event "Bundesliga 9394"]
[Site "Germany"]
[Date "1994.??.??"]
[Round "?"]
[White "Muse, Mladen"]
[Black "Ftacnik, Lubomir"]
[Result "0-1"]
[WhiteElo "2485"]
[BlackElo "2535"]

1.d4 Nf6 2.c4 g6 3.Nc3 d5 4.cxd5 Nxd5 5.e4 Nxc3 6.bxc3 Bg7 7.Nf3 c5 8.Rb1 O-O
9.Be2 Nc6 10.d5 Ne5 11.Nxe5 Bxe5 12.Qd2 b6 13.f4 Bg7 14.O-O e6 15.dxe6 fxe6
16.Bc4 Kh8 17.Qxd8 Rxd8 18.e5 Rb8 19.Be3 Bb7 20.Bxe6 Rd3 21.Bf2 Rxc3 22.Bh4 h6
23.Rbd1 g5 24.fxg5 hxg5 25.Bxg5 Rc2 26.Bd5 Bxe5 27.Rf7 Bxd5 28.Rxd5 Bd4+
29.Kh1 Rf2 30.Rxf2 Bxf2 31.Bf6+ Kh7 32.g4 Re8 33.h4 Re4 34.Rh5+ Kg6 35.Rf5 Bxh4
36.Bxh4 Rxg4 37.Rf6+ Kg7  0-1

[Event "Bundesliga 9394"]
[Site "Germany"]
[Date "1994.??.??"]
[Round "?"]
[White "Hoffmann, Michael"]
[Black "Schwarz, Michael"]
[Result "1-0"]
[WhiteElo "2455"]
[BlackElo "2405"]

1.d4 g6 2.c4 Nf6 3.Nc3 d5 4.cxd5 Nxd5 5.e4 Nxc3 6.bxc3 Bg7 7.Be3 c5 8.Qd2 O-O
9.Nf3 Nd7 10.Rc1 b6 11.d5 Nf6 12.Bd3 e6  1-0

[Event "Bundesliga 9394"]
[Site "Germany"]
[Date "1994.??.??"]
[Round "?"]
[White "Pribyl, Josef"]
[Black "Ftacnik, Lubomir"]
[Result "1/2-1/2"]
[WhiteElo "2395"]
[BlackElo "2565"]

1.d4 Nf6 2.c4 g6 3.Nc3 d5 4.cxd5 Nxd5 5.e4 Nxc3 6.bxc3 Bg7 7.Bc4 O-O 8.Ne2 Nc6
9.Ba3 Na5 10.Bd3 b6 11.O-O c5 12.dxc5 Be6 13.cxb6 axb6 14.Nd4 Bxd4 15.cxd4 Nc6
16.Bb2 Nxd4 17.Bb1 Nc6 18.Qc1 Rc8 19.Qh6 f6 20.e5 f5 21.h4 Rf7 22.a4 Nb4
23.Ra3 Rc4 24.Rg3 Rg7 25.Rc1 Rxc1+ 26.Qxc1 Qd7 27.Ra3 Kf7 28.Qe1 Rg8 29.Kh2 Nd5
30.Qd2 Nc7 31.Qh6 Qd1 32.Bd3 Qe1 33.Qe3 Qxe3 34.fxe3 Bd5 35.Bd4  1/2-1/2

[Event "BL2-N9394"]
[Site "Germany"]
[Date "1994.??.??"]
[Round "?"]
[White "Paulsen, Dirk"]
[Black "Darnstaedt, Frank"]
[Result "1/2-1/2"]
[WhiteElo "2330"]
[BlackElo "2345"]

1.d4 Nf6 2.c4 g6 3.Nc3 d5 4.cxd5 Nxd5 5.e4 Nxc3 6.bxc3 Bg7 7.Nf3 c5 8.Rb1 O-O
9.Be2 Nc6 10.d5 Ne5 11.Nxe5 Bxe5 12.Qd2 e6 13.f4 Bg7 14.c4 exd5 15.cxd5 Bd4
16.Bb2 Qb6 17.Bd3 c4 18.Bxc4 Re8 19.Qxd4 Qxd4 20.Bxd4 Rxe4+ 21.Kd2 Rxd4+
22.Kc3 Rxf4 23.Rhf1 Rxf1 24.Rxf1 Bf5 25.Kd4 Rd8 26.Rf4 h5 27.h3 Kg7 28.g4 hxg4
29.hxg4 Bc8 30.Kc5 g5 31.Re4 Kf6 32.d6 Bd7 33.Bb3 Rc8+ 34.Kb4 Rc6 35.Rd4 Ke5
36.Rd5+ Ke4 37.Rxg5 Rxd6 38.Bxf7 Kf4 39.Ra5 Rb6+ 40.Kc3 Rc6+ 41.Kb2 Rb6+  1/2-1/2

[Event "BL2-O9394"]
[Site "Germany"]
[Date "1994.??.??"]
[Round "?"]
[White "Wendt, Rene"]
[Black "Lang, Jens"]
[Result "1/2-1/2"]
[WhiteElo "2300"]
[BlackElo "2325"]

1.d4 Nf6 2.c4 g6 3.Nc3 d5 4.cxd5 Nxd5 5.e4 Nxc3 6.bxc3 Bg7 7.Nf3 O-O 8.Be2 b6
9.h4 Bb7 10.Qd3 Nd7 11.e5 Re8 12.h5 Nf8 13.hxg6 fxg6 14.Ng5 c5 15.Qh3 cxd4
16.Nxh7 Qd5 17.Nxf8 Kxf8 18.Bh6 Qxe5 19.cxd4 Qxd4 20.Rd1 Qf6 21.O-O Red8
22.Bg4 Rd6 23.Rfe1 Rad8 24.Rc1 Rc6 25.Rxc6 Bxc6 26.Bxg7+ Qxg7 27.Qa3 a5 28.Qe3 Qf6
29.Qh6+ Qg7 30.Qf4+ Qf6 31.Qh6+ Qg7 32.Qf4+ Qf6 33.Qh6+  1/2-1/2

[Event "BL2-S9394"]
[Site "Germany"]
[Date "1994.??.??"]
[Round "?"]
[White "Lorscheid, Gerhard"]
[Black "Kindl, Peter"]
[Result "1/2-1/2"]
[WhiteElo "2305"]
[BlackElo "2340"]

1.d4 Nf6 2.c4 g6 3.Nc3 d5 4.cxd5 Nxd5 5.e4 Nxc3 6.bxc3 Bg7 7.Qa4+ Nd7 8.Bg5 O-O
9.Nf3 Re8 10.Rd1 c6 11.Qb3 Qb6 12.Bc4 Qxb3 13.Bxb3 e5 14.O-O h6 15.Bh4 exd4
16.cxd4 Nf8 17.Rfe1 Bg4 18.d5 g5 19.Bg3 Rad8 20.Rc1 cxd5 21.Bxd5 Rd7 22.Bb3 a6
23.h4 Bxf3 24.gxf3 gxh4 25.Bxh4 Ng6 26.Bg3 Ne5 27.Bxe5 Bxe5 28.Bd5 Ree7 29.Rc8+ Kg7
30.Rb1 b5 31.Rbc1 Rc7 32.R1xc7 Bxc7 33.Ra8 a5 34.f4 Bxf4 35.Rxa5 b4 36.Rb5 Bd6
37.Rb6 Rd7 38.Kg2 Kf8 39.Kh3 Ke7 40.Kg4 Bc5 41.Rxh6  1/2-1/2

[Event "Bundesliga 9394"]
[Site "Germany"]
[Date "1994.??.??"]
[Round "?"]
[White "Seul, Georg"]
[Black "Hort, Vlastimil"]
[Result "0-1"]
[WhiteElo "2425"]
[BlackElo "2535"]

1.d4 Nf6 2.c4 g6 3.Nc3 d5 4.cxd5 Nxd5 5.e4 Nxc3 6.bxc3 Bg7 7.Bb5+ c6 8.Ba4 O-O
9.Ne2 Nd7 10.Bg5 a5 11.a3 b5 12.Bb3 c5 13.Rb1 Ba6 14.Qd2 Rc8 15.h4 b4 16.axb4 axb4
17.cxb4 cxd4 18.Bh6 Bxh6 19.Qxh6 Qb6 20.h5 Qxb4+ 21.Kf1 Bxe2+ 22.Kg1 Qd6  0-1

[Event "Bundesliga 9394"]
[Site "Germany"]
[Date "1994.??.??"]
[Round "?"]
[White "Knaak, Rainer"]
[Black "Mann, Christian"]
[Result "1-0"]
[WhiteElo "2530"]
[BlackElo "2455"]

1.d4 Nf6 2.c4 g6 3.Nc3 d5 4.cxd5 Nxd5 5.e4 Nxc3 6.bxc3 Bg7 7.Bb5+ Bd7 8.Bc4 O-O
9.Ne2 c5 10.d5 b5 11.Bb3 Na6 12.O-O c4 13.Bc2 Nc5 14.Be3 Qc7 15.h3 e5 16.f4 f5
17.fxe5 Bxe5 18.exf5 Bxf5 19.Bxf5 Rxf5 20.Rxf5 gxf5 21.Nd4 Qd7 22.Nc6 Nd3
23.Nxe5 Nxe5 24.Qh5 Qf7 25.Qg5+ Qg6 26.Rf1 Qxg5 27.Bxg5 Rf8 28.d6 Nd7 29.Be7 Rf7
30.a4 bxa4 31.Ra1 Ne5 32.Rxa4 Nc6 33.Bg5 Rd7 34.Bf4 Kf7 35.Rxc4 Nd8 36.Ra4 Ne6
37.Be5 Nc5 38.Ra5 Ne4 39.c4 Nxd6 40.Bxd6 Rxd6 41.Rxa7+ Kg6 42.Ra1 Rc6 43.Rc1 Rc5
44.Kf2 f4 45.Kf3 Kf5 46.Rc2 h5 47.Rc1 Kg5 48.Ke4 Kh4 49.Kd4 Rg5 50.Rc2 f3
51.gxf3 Kxh3 52.f4 Rg8 53.f5 h4 54.f6 Kg3 55.Kd5 h3 56.f7 Rc8 57.c5 h2 58.Rc1  1-0

[Event "BL2-S9394"]
[Site "Germany"]
[Date "1994.??.??"]
[Round "?"]
[White "Staiger, Frank"]
[Black "Trettin, Ulrich"]
[Result "1-0"]
[WhiteElo "2315"]
[BlackElo "2280"]

1.d4 Nf6 2.c4 g6 3.Nc3 d5 4.cxd5 Nxd5 5.e4 Nxc3 6.bxc3 Bg7 7.Be3 O-O 8.Qd2 c5
9.Nf3 Qa5 10.Rb1 cxd4 11.cxd4 Qxd2+ 12.Kxd2 b6 13.Bd3 Ba6 14.Bxa6 Nxa6 15.Rhc1 Rfc8
16.Rxc8+ Rxc8 17.Rb3 Nb8 18.Rc3 Rxc3 19.Kxc3 Kf8 20.Kb4 Ke8 21.Kb5 Kd7 22.Bf4 Kc8
23.Bxb8 Kxb8 24.Kc6 Kc8 25.d5 h6 26.e5 Bh8 27.h3 Bg7 28.a4 Bh8 29.g4 Bg7
30.e6 fxe6 31.dxe6 Bf6 32.Nd2 Bd4 33.f3 h5 34.gxh5 gxh5 35.Ne4 Be5 36.Nf2 Bd4
37.Nd3 Be3 38.Nb4 Kd8 39.Nd5 Bf2 40.Kb7 Ke8 41.Nc7+ Kf8 42.Kc6 Kg7 43.Kd7 Bc5
44.Nd5 a6 45.Nxe7 b5 46.axb5 axb5 47.Nf5+ Kf6 48.Nd6  1-0

[Event "Bundesliga 9394"]
[Site "Germany"]
[Date "1994.??.??"]
[Round "?"]
[White "Wegner, Hannu"]
[Black "Seger, Ruediger"]
[Result "1-0"]
[WhiteElo "2390"]
[BlackElo "2355"]

1.d4 Nf6 2.c4 g6 3.Nc3 d5 4.cxd5 Nxd5 5.e4 Nxc3 6.bxc3 Bg7 7.Bc4 c5 8.Ne2 Nc6
9.Be3 cxd4 10.cxd4 Qa5+ 11.Kf1 O-O 12.Rc1 Bd7 13.h4 Rfc8 14.h5 e5 15.hxg6 hxg6
16.Qb3 Nd8 17.Bh6 b5 18.Bxg7 Kxg7 19.Qe3 bxc4 20.Qh6+ Kf6 21.Qh8+ Ke7 22.dxe5 Qa6
23.Nc3 Ba4 24.Nxa4 c3+ 25.Kg1 c2 26.Rh3 Rc6 27.Nc3 Rb8 28.Rxc2 Rb1+ 29.Kh2 Qf1
30.Nxb1 Rxc2 31.Qf6+  1-0

[Event "BL2-W9394"]
[Site "Germany"]
[Date "1994.??.??"]
[Round "?"]
[White "Paehtz, Thomas Sr"]
[Black "Grimm, Sascha"]
[Result "1-0"]
[WhiteElo "2480"]
[BlackElo "2320"]

1.d4 Nf6 2.c4 g6 3.Nc3 d5 4.cxd5 Nxd5 5.e4 Nxc3 6.bxc3 Bg7 7.Bc4 O-O 8.Ne2 Qd7
9.O-O b6 10.Be3 Bb7 11.Qc2 Nc6 12.Rfd1 Na5 13.Bd3 Rfd8 14.Rab1 Bc6 15.Rb4 e6
16.Nf4 Bf8 17.d5 Bxb4 18.dxc6 Qxc6 19.cxb4 Qxc2 20.Bxc2 Rxd1+ 21.Bxd1 Nc4
22.Bc1 a5 23.bxa5 Rxa5 24.Bb3 Nd6 25.Bd2 Rb5 26.f3 c5 27.Bc3 c4 28.Bc2 Rc5
29.Bb4 Rc6 30.Ne2 b5 31.Nc3 Ra6 32.a3 Rb6 33.Kf2 f6 34.Ke3 Nf7 35.f4 e5 36.f5 Nd8
37.Nd5 Ra6 38.Kd2 Kf7 39.Nc3 Rb6 40.Ba5 Rb8 41.Bc7 Rb7 42.Nxb5 Rxb5 43.fxg6+ hxg6
44.Bxd8 Rb8 45.Ba5 Ke6 46.Kc3 Rc8 47.Bb4 f5 48.h3 Kf6 49.Kd2 Rd8+ 50.Ke3 f4+
51.Ke2 g5 52.a4 Rg8 53.a5 g4 54.hxg4 Rxg4 55.Kf2 Rg8 56.Ba4 Rb8 57.Bc3 Ke6
58.Bc6 Kd6 59.Bd5 Rb3 60.a6 Rxc3 61.a7 Ra3 62.a8=Q Rxa8 63.Bxa8 Kc5 64.Ke2 Kd4
65.Kd2 c3+ 66.Kc2 Ke3 67.Kxc3 Kf2 68.Kc4 Kxg2 69.Kd5  1-0

[Event "Graz-ch"]
[Site "Graz"]
[Date "1994.??.??"]
[Round "2"]
[White "Klapsch, J."]
[Black "Teuschler, A."]
[Result "0-1"]
[WhiteElo "1920"]
[BlackElo "1970"]

1.d4 Nf6 2.c4 g6 3.Nc3 d5 4.cxd5 Nxd5 5.e4 Nxc3 6.bxc3 Bg7 7.Bc4 c5 8.Ne2 Nc6
9.Be3 cxd4 10.cxd4 Qa5+ 11.Bd2 Qa3 12.Bc3 O-O 13.Qd2 Rd8 14.h3 a5 15.O-O Bxh3
16.Rab1 Bc8 17.Qf4 e6 18.Rfd1 Qe7 19.e5 Qa3 20.Rd3 Qa4 21.Bb3 Qb5 22.Bc2 Qc4
23.Re3 Qxa2 24.Bd3 Ne7 25.Rf3 Rf8 26.Qh4 Nf5 27.Qf4 Bd7 28.g4 Ne7 29.Ra1 Qd5
30.Ng3 f5 31.gxf5 exf5 32.Re1 Bc6 33.Ree3 Qb3 34.d5 Bxd5 35.Qd4 Nc6 36.Qc5 Qd1+
37.Kg2 Bxf3+ 38.Rxf3 Rac8 39.Bc4+ Kh8 40.Be6 Rcd8 41.Rf4 Qc1 42.Ne2 Qc2 43.Bc4 g5
44.Rf3 f4 45.Bd3 Rxd3  0-1

[Event "Graz-ch"]
[Site "Graz"]
[Date "1994.??.??"]
[Round "5"]
[White "Neubauer, A."]
[Black "Teuschler, A."]
[Result "1/2-1/2"]
[WhiteElo "1910"]
[BlackElo "1970"]

1.d4 Nf6 2.c4 g6 3.Nc3 d5 4.cxd5 Nxd5 5.e4 Nxc3 6.bxc3 Bg7 7.Nf3 c5 8.Be3 O-O
9.Be2 Qa5 10.O-O Nc6 11.Qb3 cxd4 12.cxd4 h6 13.Rab1 Kh7 14.Bd2 Qd8 15.d5 Nb8
16.Rfd1 b6 17.Qa3 Re8 18.Bb5 Bd7 19.Bc4 e6 20.dxe6 fxe6 21.Be3 Qe7 22.Qxe7 Rxe7
23.Rd6 Bc6 24.Nd2 e5 25.f3 Rd7 26.Re6 Rc7 27.Bb3 Na6 28.Nc4 Re8 29.Rxe8 Bxe8
30.Rd1 Bf7 31.Rc1 h5 32.Nd6 Rxc1+ 33.Bxc1 Bxb3 34.axb3 Nc5 35.b4 Nd3 36.Bd2 a6
37.b5 axb5 38.Nxb5 Kg8 39.Be3 Nc5 40.Nd6 Na4 41.Kf2 Bf6  1/2-1/2

[Event "Graz op"]
[Site "Graz"]
[Date "1994.??.??"]
[Round "7"]
[White "Gaertner, Guntram"]
[Black "Simic, Dusan"]
[Result "1-0"]
[WhiteElo "2315"]
[BlackElo "2245"]

1.d4 Nf6 2.c4 g6 3.Nc3 d5 4.cxd5 Nxd5 5.e4 Nxc3 6.bxc3 Bg7 7.Bc4 c5 8.Ne2 cxd4
9.cxd4 Nc6 10.Be3 b5 11.Bd5 Bd7 12.Rc1 Rc8 13.Bxc6 Rxc6 14.Rxc6 Bxc6 15.d5 Bd7
16.O-O a6 17.Qd2 O-O 18.Rc1 Qb8 19.Qa5 b4 20.Qc7 Qb5 21.Nd4 Bxd4 22.Bxd4 f6
23.Qa7 Qa4 24.h3 Re8 25.e5 fxe5 26.Bxe5 Qb5 27.Qd4 Rf8 28.Bg7 Rf7 29.Bh6 Qb8
30.Qc5 g5 31.d6 Rf5 32.Qd4 Rf7 33.Rc5 Rf6 34.Rxg5+ Kf7 35.Rg7+ Ke6 36.Rxe7+  1-0

[Event "Groningen op"]
[Site "Groningen"]
[Date "1994.??.??"]
[Round "1"]
[White "Shipov, Sergei"]
[Black "Tondivar, Babak"]
[Result "1/2-1/2"]
[WhiteElo "2525"]
[BlackElo "2315"]

1.d4 Nf6 2.c4 g6 3.Nc3 d5 4.cxd5 Nxd5 5.e4 Nxc3 6.bxc3 Bg7 7.Bb5+ c6 8.Ba4 O-O
9.Ne2 c5 10.O-O Nc6 11.Be3 Qc7 12.Rc1 Rd8 13.d5 c4 14.h3 e6 15.Bg5 Ne7 16.Rc2 exd5
17.Rd2 Be6 18.Nd4 a6 19.Re1 b5 20.Bc2 Rd7 21.Bxe7 Rxe7 22.exd5 Bxd5 23.Rxe7 Qxe7
24.Nf5 gxf5 25.Rxd5 Re8 26.Qf3 Qe1+ 27.Kh2 Qxc3 28.Qxf5 h6 29.g3 Qf6 30.Qh7+ Kf8
31.Rf5 Qd6 32.Rf4 Re5 33.Bg6 Re7 34.Bc2 Re5 35.Bg6 Re7 36.Bc2 Re5  1/2-1/2

[Event "Groningen op"]
[Site "Groningen"]
[Date "1994.??.??"]
[Round "3"]
[White "Dive, Russell John"]
[Black "Kuznetsova, Elena"]
[Result "1-0"]
[WhiteElo "2315"]
[BlackElo "2190"]

1.d4 Nf6 2.c4 g6 3.Nc3 d5 4.cxd5 Nxd5 5.e4 Nxc3 6.bxc3 Bg7 7.Bc4 c5 8.Ne2 Nc6
9.Be3 O-O 10.Rc1 Na5 11.Bd3 cxd4 12.cxd4 b6 13.O-O Bb7 14.Qd2 Qd7 15.Bh6 Rfc8
16.Bxg7 Kxg7 17.d5 Rxc1 18.Qxc1 Rc8 19.Qb2+ Kg8 20.Qd4 Qd6 21.h4 e5 22.dxe6 Qxe6
23.Nf4 Qxa2 24.e5 Qb3 25.e6 fxe6 26.Qd7 Qc3 27.Nxe6 Qf6 28.Ng5 Qg7 29.Qe6+ Kf8
30.Re1 Rd8 31.Nxh7+  1-0

[Event "Groningen op"]
[Site "Groningen"]
[Date "1994.??.??"]
[Round "3"]
[White "Korotylev, Alexey"]
[Black "Beshukov, Sergei"]
[Result "0-1"]
[WhiteElo "2430"]
[BlackElo "2495"]

1.d4 Nf6 2.c4 g6 3.Nc3 d5 4.cxd5 Nxd5 5.e4 Nxc3 6.bxc3 Bg7 7.Bb5+ c6 8.Ba4 O-O
9.Ne2 e5 10.O-O Re8 11.Qc2 b5 12.Bb3 a5 13.a4 exd4 14.cxd4 Qe7 15.f3 Ba6
16.Rd1 b4 17.Ra2 Nd7 18.Nf4 Rac8 19.Be3 c5 20.Nd5 Qf8 21.dxc5 Nxc5 22.Bxc5 Qxc5+
23.Qxc5 Rxc5 24.Kf2 Bc4 25.Bxc4 Rxc4 26.Rd3 Rb8 27.Rb3 Kf8 28.g4 Rbc8 29.Ke3 Rc2
30.Rxc2 Rxc2 31.Nb6 Rxh2 32.g5 Rg2 33.Kf4 Bc3 34.Nc4 Ke7 35.Rb1 Bd2+ 36.Nxd2 Rxd2
37.Ke5 Rd3 38.f4 h5 39.f5 h4 40.Rc1 Rc3 41.f6+ Kd7 42.Rd1+ Kc7 43.Kf4 b3
44.e5 Rc4+ 45.Kf3 Rc6 46.Re1 Rc3+ 47.Kf4 Kd7 48.Rd1+ Ke8 49.e6 fxe6 50.Ke5 Rc6
51.Rb1 Rb6 52.Kf4 b2 53.Kg4 Rb4+ 54.Kh3 Kf7 55.Kg2 e5 56.Kh3 Ke6  0-1

[Event "Groningen op"]
[Site "Groningen"]
[Date "1994.??.??"]
[Round "7"]
[White "Shipov, Sergei"]
[Black "Tseitlin, Mark D"]
[Result "1/2-1/2"]
[WhiteElo "2525"]
[BlackElo "2465"]

1.d4 Nf6 2.c4 g6 3.Nc3 d5 4.cxd5 Nxd5 5.e4 Nxc3 6.bxc3 Bg7 7.Qa4+ Nd7 8.Nf3 O-O
9.Bg5 c5 10.Rc1 a6 11.Qa3 Qc7 12.Bd3 e5 13.O-O c4 14.Bb1 Re8 15.Nxe5 Nxe5
16.dxe5 Bxe5 17.f4 Bd6 18.Qb2 f6 19.Bxf6 Bxf4 20.h3 Bxh3 21.gxh3 Bxc1 22.Qxc1 Qg3+
23.Kh1 Qxh3+ 24.Kg1 Qg3+ 25.Kh1 Re6 26.e5 Qh3+ 27.Kg1 Qg4+ 28.Kh2 Qe2+ 29.Kg1 Qg4+
30.Kh2 Qe2+ 31.Kg1 Qg4+ 32.Kh2 Qe2+  1/2-1/2

[Event "Groningen op"]
[Site "Groningen"]
[Date "1994.??.??"]
[Round "9"]
[White "Notkin, Maksim"]
[Black "Beshukov, Sergei"]
[Result "1-0"]
[WhiteElo "2465"]
[BlackElo "2495"]

1.d4 Nf6 2.c4 g6 3.Nc3 d5 4.cxd5 Nxd5 5.e4 Nxc3 6.bxc3 Bg7 7.Nf3 c5 8.Rb1 O-O
9.Be2 Qa5 10.O-O Qxa2 11.Bg5 Qe6 12.Qd3 Qd7 13.Qe3 cxd4 14.cxd4 b6 15.Bb5 Qd8
16.Rfd1 Bd7 17.Be2 f6 18.Bf4 Qe8 19.Bc4+ Kh8 20.e5 Ba4 21.Re1 Qd8 22.d5 Nd7
23.e6 Ne5 24.Nxe5 fxe5 25.Bxe5 Rc8 26.Ba6 Bc2 27.Bxc8 Bxb1 28.Bd7 Ba2 29.Bxg7+ Kxg7
30.Qd2  1-0

[Event "Groningen op"]
[Site "Groningen"]
[Date "1994.??.??"]
[Round "9"]
[White "Nenashev, Alexander"]
[Black "Liss, Eran"]
[Result "1/2-1/2"]
[WhiteElo "2575"]
[BlackElo "2480"]

1.d4 Nf6 2.c4 g6 3.Nc3 d5 4.cxd5 Nxd5 5.e4 Nxc3 6.bxc3 Bg7 7.Bc4 c5 8.Ne2 Nc6
9.Be3 O-O 10.O-O Qc7 11.Rc1 Rd8 12.Bf4 Qd7 13.d5 Ne5 14.Bxe5 Bxe5 15.f4 Bg7
16.Qd3 a6 17.Bb3 b5 18.c4 e6 19.f5 exd5 20.exd5 Qd6 21.Ng3 Qe5 22.Kh1 Qd4
23.Qf3 Ra7 24.Rfd1 Qh4 25.cxb5 axb5 26.Rxc5 Be5 27.d6 Bxg3 28.Qxg3 Qxg3 29.hxg3 Bxf5
30.Rxb5 Ra6 31.Rb7 Raxd6 32.Rxd6 Rxd6 33.Rxf7 Kh8 34.Re7 Rd2 35.Kh2 Bd7 36.Bc4 Bc6
37.Re2 Rd4 38.Bb3 Ba4 39.Be6 Kg7 40.Rf2 Be8 41.Bb3 g5 42.Rf5 h6 43.Rd5 Re4
44.Rc5 Kf6 45.Kg1 Ba4 46.Bg8 Re8 47.Bh7 Re2 48.a3 Be8 49.Bd3 Ra2 50.Ra5 Bd7
51.Be4 h5 52.Bd5 Ra1+ 53.Kf2 h4 54.Be4 Ra2+ 55.Kf3 g4+ 56.Kf4 h3 57.gxh3 gxh3
58.g4 h2 59.g5+ Ke7 60.Kg3 Re2 61.Bg2 Kf7 62.Ra7 Rd2 63.Ra6 Bb5 64.Rb6 Bc4
65.a4 Bd5 66.Bxd5+ Rxd5 67.g6+ Kg7 68.Kxh2 Ra5 69.Rb4 Kxg6 70.Rf4 Kg5 71.Kg3 Rc5
72.Rf3 Ra5 73.Rf4 Rc5 74.Rb4 Kf5 75.Kf3 Ke5 76.Ke3 Kd5 77.Kd3 Kc6 78.Ke3 Kd5
79.Kd3 Kc6 80.Kd4 Rg5 81.Kc4 Rg4+  1/2-1/2

[Event "Guines"]
[Site "Guines"]
[Date "1994.??.??"]
[Round "9"]
[White "Reynaldo, Jorge"]
[Black "Vega, Lemay"]
[Result "1-0"]
[WhiteElo "2320"]
[BlackElo "2265"]

1.d4 Nf6 2.c4 g6 3.Nc3 d5 4.cxd5 Nxd5 5.e4 Nxc3 6.bxc3 Bg7 7.Bc4 O-O 8.Ne2 c5
9.O-O Nc6 10.Be3 Qc7 11.Rc1 Rd8 12.Qd2 Ne5 13.Bd5 Ng4 14.Bf4 Qa5 15.Qd3 e6
16.Bb3 Nf6 17.Be5 cxd4 18.Bxf6 Bxf6 19.cxd4 Bd7 20.Qf3 Bg7 21.d5 Re8 22.Nf4 Bh6
23.Rc2 Bxf4 24.Qxf4 Rac8 25.Rxc8 Bxc8 26.h4 h5 27.Rc1 exd5 28.exd5 Re1+ 29.Rxe1 Qxe1+
30.Kh2 Qe7 31.d6 Qd7 32.Qf6 Kh7 33.Bxf7 Qg4 34.Bd5 Qd7 35.Qf8 Qg7 36.Qxc8 Qe5+
37.g3 Qxd5 38.Qc7+  1-0

[Event "Hania op"]
[Site "Hania"]
[Date "1994.??.??"]
[Round "6"]
[White "Atalik, Suat"]
[Black "Nikolaidis, Ioannis"]
[Result "1/2-1/2"]
[WhiteElo "2535"]
[BlackElo "2460"]

1.d4 Nf6 2.c4 g6 3.Nc3 d5 4.cxd5 Nxd5 5.e4 Nxc3 6.bxc3 Bg7 7.Bc4 O-O 8.Be3 c5
9.Ne2 Nc6 10.O-O Bg4 11.f3 Na5 12.Bd3 cxd4 13.cxd4 Be6 14.d5 Bxa1 15.Qxa1 f6
16.Rb1 b6 17.Bh6 Re8 18.Qd4 Bf7 19.Bb5 e5 20.Qf2 Re7 21.f4 Qd6 22.fxe5 fxe5
23.Rc1 a6 24.Bd3 Rd8 25.Kh1 Be8 26.Ng1 Rf7 27.Qb2 Bb5 28.Bxb5 axb5 29.Qxb5 g5
30.Bxg5 Qg6 31.Nf3 Qxe4 32.Re1 Qc4 33.Qb1 Qxd5 34.Rxe5 Qd6 35.Be3 Rg7 36.Bxb6 Nc4
37.Bc5 Qg6 38.Qxg6 Rxg6 39.Re4 Nd6 40.Ba7  1/2-1/2

[Event "Havana op"]
[Site "Havana"]
[Date "1994.??.??"]
[Round "6"]
[White "Leyva, Hector"]
[Black "Ramon, Vivian"]
[Result "1-0"]
[WhiteElo "2300"]
[BlackElo "2175"]

1.d4 Nf6 2.c4 g6 3.Nc3 d5 4.cxd5 Nxd5 5.e4 Nxc3 6.bxc3 Bg7 7.Nf3 O-O 8.Be2 c5
9.Rb1 cxd4 10.cxd4 Qa5+ 11.Bd2 Qxa2 12.O-O a5 13.d5 e6 14.Bg5 exd5 15.exd5 Qa3
16.d6 Nd7 17.Bb5 Qc5 18.Be7 Re8 19.Qd3 a4 20.Rbc1 Qb6 21.Qd5 Ra5 22.Qxf7+  1-0

[Event "EU-ch U16 Girls"]
[Site "Herculane"]
[Date "1994.??.??"]
[Round "6"]
[White "Zhukova, Natalia"]
[Black "Peptan, Corina"]
[Result "1-0"]
[WhiteElo "2260"]
[BlackElo "2265"]

1.d4 Nf6 2.c4 g6 3.Nc3 d5 4.cxd5 Nxd5 5.e4 Nxc3 6.bxc3 Bg7 7.Bb5+ c6 8.Ba4 b5
9.Bb3 b4 10.Bb2 bxc3 11.Bxc3 Ba6 12.Nf3 O-O 13.Qd2 Nd7 14.h4 Qb8 15.h5 Qb5
16.hxg6 hxg6 17.O-O-O e6 18.Ng5 Rab8 19.Qf4 Nc5 20.Rh8+ Bxh8 21.Qh4 Nd3+
22.Kd2 Kg7 23.f4 Ne5 24.Kc1 Qe2 25.Qh7+ Kf6 26.dxe5+ Ke7 27.Nxe6 Rxb3 28.Qh4+ g5
29.Qxg5+ f6 30.exf6+ Rxf6 31.Qc5+ Kf7 32.Qf8+ Kg6 33.Qg8+  1-0

[Event "Hradec Kralove op"]
[Site "Hradec Kralove"]
[Date "1994.??.??"]
[Round "6"]
[White "Nyvlt, O."]
[Black "Nemec, Otakar"]
[Result "1/2-1/2"]
[WhiteElo "1960"]
[BlackElo "2025"]

1.d4 Nf6 2.c4 g6 3.Nc3 d5 4.cxd5 Nxd5 5.e4 Nxc3 6.bxc3 Bg7 7.Bb5+ c6 8.Ba4 O-O
9.Ne2 Nd7 10.O-O Qa5  1/2-1/2

[Event "Hradec Kralove op"]
[Site "Hradec Kralove"]
[Date "1994.??.??"]
[Round "7"]
[White "Skaloud, Dusan"]
[Black "Nemec, Otakar"]
[Result "1-0"]
[WhiteElo "1880"]
[BlackElo "2025"]

1.c4 Nf6 2.Nc3 d5 3.cxd5 Nxd5 4.d4 g6 5.e4 Nxc3 6.bxc3 Bg7 7.Bc4 O-O 8.Ne2 c5
9.O-O Nc6 10.Be3 Bg4 11.f3 Na5 12.Bxf7+ Rxf7 13.fxg4 Rxf1+ 14.Kxf1 Qd6 15.Kg1 Qe6
16.Qd3 cxd4 17.cxd4 Rc8 18.d5 Qxg4 19.Bd4 Bxd4+ 20.Nxd4 Qg5 21.Ne6 Rc1+ 22.Rxc1 Qxc1+
23.Kf2 Qb2+ 24.Kf3 b5 25.Qd4 Qxd4 26.Nxd4 Nc4 27.Nxb5 a6 28.Nc7 a5 29.Kf4 Kf7
30.e5 g5+ 31.Ke4 Kg6 32.Kd4 Nb6 33.g4 h5 34.h3 hxg4 35.hxg4 Kf7 36.Ne6 Kg6
37.Nc5 Kf7 38.Ne4 Kg6 39.Nd2 a4 40.Nc4 Nd7 41.Nb2 Nb6 42.a3 Kf7 43.Nd3 Ke8
44.Ne1 Kf7 45.Nf3 Kg6 46.Kc5 Nc8 47.Kc6 Na7+ 48.Kb6  1-0

[Event "Hradec Kralove op"]
[Site "Hradec Kralove"]
[Date "1994.??.??"]
[Round "9"]
[White "Nyvlt, O."]
[Black "Goslbauer, H."]
[Result "1/2-1/2"]
[WhiteElo "1960"]
[BlackElo "1690"]

1.d4 Nf6 2.c4 g6 3.Nc3 d5 4.cxd5 Nxd5 5.e4 Nxc3 6.bxc3 Bg7 7.Bb5+ Bd7 8.Qb3 c5
9.Bc4 O-O 10.d5 e6 11.Ne2 exd5 12.exd5 b6 13.O-O Bf5 14.Ng3 Bc8 15.Re1 Bb7
16.Bf4 Nd7 17.Ne4 Ne5 18.Bxe5 Bxe5 19.Nxc5 Bxh2+ 20.Kxh2 Qc7+ 21.Kg1 Qxc5
22.Rad1 Rad8 23.Re3 b5 24.Qxb5 Qxb5 25.Bxb5 Rxd5 26.Rxd5 Bxd5 27.c4 Be6 28.Ra3 Rc8
29.Rc3 Rc5 30.a4 a5 31.Kf1 Kg7 32.Ke2 Kf6 33.Rf3+  1/2-1/2

[Event "HUN-chT 9394"]
[Site "?"]
[Date "1994.??.??"]
[Round "?"]
[White "Lugovoi, Aleksei"]
[Black "Navarovszky, Laszlo"]
[Result "1/2-1/2"]
[WhiteElo "2425"]
[BlackElo "2290"]

1.d4 Nf6 2.c4 g6 3.Nc3 d5 4.cxd5 Nxd5 5.e4 Nxc3 6.bxc3 Bg7 7.Be3 O-O 8.Qd2 c5
9.Rb1 cxd4 10.cxd4 b6 11.Nf3 Bb7 12.d5 Nd7 13.Nd4 Rc8 14.Be2 Nc5 15.f3 e6
16.dxe6 Nxe6 17.Nxe6 fxe6 18.Qxd8 Rfxd8 19.Kf2 Rc2 20.Rhd1 Rxd1 21.Rxd1 Ba6
22.Rd2 Rxd2 23.Bxd2 Bd4+ 24.Ke1 Bxe2 25.Kxe2 Kf7 26.Kd3 Bg1  1/2-1/2

[Event "HUN-chT 9394"]
[Site "?"]
[Date "1994.??.??"]
[Round "?"]
[White "Mann, Gerald"]
[Black "Kerek, Csaba"]
[Result "1-0"]
[WhiteElo "2195"]
[BlackElo "2150"]

1.d4 Nf6 2.c4 g6 3.Nc3 d5 4.cxd5 Nxd5 5.e4 Nxc3 6.bxc3 Bg7 7.Bb5+ c6 8.Ba4 b5
9.Bb3 b4 10.Ne2 bxc3 11.Be3 Nd7 12.e5 Nb6 13.Nxc3 Ba6 14.Rc1 O-O 15.Ne4 Nd5
16.Nc5 Nxe3 17.fxe3 Rb8 18.Qd2 Rxb3 19.Nxb3 Qb6 20.Nc5 Rd8 21.Nxa6 Qxa6 22.Qe2 Qa5+
23.Kf2 f6 24.Rc5 Qb6 25.exf6 Bxf6 26.Rhc1 Qb8 27.g3 Kg7 28.Rxc6 Rd5 29.R1c5 Rd7
30.Rc2 e5 31.Qg4 Rf7 32.d5 Qb1 33.Kg2 Bg5 34.Qe2 Bxe3 35.Rc7 Qg1+ 36.Kh3 h5
37.Rxf7+ Kxf7 38.Qf3+ Ke7 39.Rc7+ Kd6 40.Rc6+  1-0

[Event "HUN-chT2 9394"]
[Site "?"]
[Date "1994.??.??"]
[Round "?"]
[White "Vincze, Istvan"]
[Black "Ruck, Robert"]
[Result "0-1"]
[WhiteElo "2330"]
[BlackElo "2420"]

1.d4 Nf6 2.c4 g6 3.Nc3 d5 4.cxd5 Nxd5 5.e4 Nxc3 6.bxc3 Bg7 7.Qa4+ Bd7 8.Qa3 O-O
9.Nf3 b6 10.Bg5 c5 11.Rc1 Bg4 12.dxc5 Nd7 13.Nd4 Nxc5 14.Nc6 Qd6 15.Nxe7+ Kh8
16.h3 Be6 17.Qb4 f6 18.Nxg6+ hxg6 19.Be3 a5 20.Qb1 f5 21.exf5 Bxf5 22.Qb2 Nd3+
23.Bxd3 Bxd3 24.Qxb6 Qxb6 25.Bxb6 Rae8+ 26.Kd2 Bc4 27.Rce1 Rb8 28.Bxa5 Bh6+
29.Kd1 Rxf2 30.Bb4 Rd8+  0-1

[Event "HUN-chT2 9394"]
[Site "?"]
[Date "1994.??.??"]
[Round "?"]
[White "Solymosi, Istvan"]
[Black "Veroci, Zsuzsa"]
[Result "0-1"]
[WhiteElo "2285"]
[BlackElo "2320"]

1.d4 Nf6 2.c4 g6 3.Nc3 d5 4.cxd5 Nxd5 5.e4 Nxc3 6.bxc3 Bg7 7.Nf3 c5 8.Rb1 O-O
9.Be2 Nc6 10.d5 Ne5 11.Nxe5 Bxe5 12.Qd2 e6 13.f4 Bg7 14.c4 b6 15.Bb2 Bxb2
16.Rxb2 Re8 17.e5 Bb7 18.O-O exd5 19.Bf3 f6 20.Re1 fxe5 21.fxe5 Qc7 22.Bxd5+ Bxd5
23.Qxd5+ Kg7 24.e6 Rad8 25.Qg5 Rxe6 26.Rf1 Qe7 27.Qxe7+ Rxe7 28.a4 Rd4 29.Rc1 Ree4
30.a5 bxa5 31.Ra2 Rxc4 32.Rxc4 Rxc4 33.Rxa5 Kf6 34.Rxa7 h5 35.Rc7 Rc2 36.h4 c4
37.Kh2 c3 38.Kg3 Rc1 39.Rc6+ Kf5 40.Rc4 Ke5 41.Rc6 Kd5 42.Rc8 Ke4 43.Rc6 Kd3
44.Rd6+ Kc4 45.Rc6+ Kb5 46.Rc8 Kb4 47.Rb8+ Kc4 48.Rc8+ Kd3 49.Rd8+ Kc2 50.Rd6 Rd1  0-1

[Event "HUN-chT2 9394"]
[Site "?"]
[Date "1994.??.??"]
[Round "?"]
[White "Kovacs, Elod"]
[Black "Adzic, Slobodan"]
[Result "0-1"]
[WhiteElo "2240"]
[BlackElo "2265"]

1.d4 Nf6 2.c4 g6 3.Nc3 d5 4.cxd5 Nxd5 5.e4 Nxc3 6.bxc3 Bg7 7.Bc4 O-O 8.Ne2 c5
9.O-O Qc7 10.Bd3 Rd8 11.Be3 cxd4 12.cxd4 Nc6 13.Rc1 Qa5 14.Rc5 Qxa2 15.Nc3 Qb2
16.Na4 Qb4 17.Rb5 Qa3 18.Bc1 Qa1 19.d5 Ne5 20.Bc2 Nc4 21.Bb3 Nd6 22.Rb4 b5
23.Nc5 a5 24.e5 axb4 25.exd6 exd6 26.Ne4 Bf5 27.Ng3 Qd4 28.Nxf5 Qxd1 29.Ne7+ Kf8
30.Bxd1 Kxe7 31.Bg5+ f6 32.Bd2 b3 33.Bxb3 Ra3 34.Bd1 Rd3 35.Re1+ Kd7 36.Ba5 Re8
37.Rf1 f5 38.Bf3 Ra3 39.Bd2 Ra1 40.Bb4 Rxf1+ 41.Kxf1 Bd4 42.Be2 Rb8 43.g4 Bc5
44.Bc3 b4 45.Bb2 fxg4  0-1